000 00617nam a2200253Ia 4500
005 20260121161333.0
008 008 260114s9999 xx 000 0 eng d
020 _a9780203750315
037 _aEBOOK
040 _aCRL
040 _beng
040 _cCRL
041 _2eng
041 _aeng
084 _qCRL
100 _aAlan J. B. Anderson
_91043157
245 0 _aInterpreting Data:A First Course in Statistics
260 _bTaylor and Francis
260 _c1989
856 _uhttp://www.taylorfrancis.com/books/9780203750315
942 _cEBOOK
999 _c1609973
_d1609973